Estadísticas para 15 principales países con muertes de Covid-19 - 2 de mayo

Haz click aquí para intentar la prueba.

Estadísticas generales

  • Esta prueba ha sido intentada 5 veces
  • La puntuación promedio es 16 de 21

Estadísticas de respuestas

país% Correcto
Alemania
100%
Brasil
100%
Canadá
100%
China
100%
España
100%
Estados Unidos
100%
Francia
100%
Italia
100%
México
100%
Portugal
100%
Reino Unido
100%
Suiza
100%
Bélgica
67%
Irlanda
67%
Países Bajos
67%
Dinamarca
33%
Irán
33%
Suecia
33%
Suecia
33%
Turquía
33%
Ecuador
0%

Distribución de puntuación

Porcentaje por número respondido

Porcentaje de gente con cada puntuación

Historial de tus puntuaciones

No has intentado esta prueba.